Les symboles chimiques des éléments du tableau périodique - Statistiques

Statistiques générales
  • Ce quiz a été pris 8 897 fois
  • Le résultat moyen est 60 sur 118
Statistiques - réponses
Élément Symbole % Correct
Hydrogène H
100%
Oxygène O
99%
Carbone C
98%
Fluor F
98%
Hélium He
98%
Aluminium Al
97%
Bore B
97%
Lithium Li
97%
Béryllium Be
96%
Néon Ne
96%
Phosphore P
96%
Soufre S
96%
Argon Ar
95%
Chlore Cl
95%
Silicium Si
95%
Calcium Ca
94%
Fer Fe
94%
Cuivre Cu
93%
Magnésium Mg
93%
Titane Ti
93%
Cobalt Co
92%
Nickel Ni
92%
Vanadium V
92%
Azote N
91%
Brome Br
90%
Gallium Ga
90%
Germanium Ge
90%
Scandium Sc
90%
Chrome Cr
89%
Krypton Kr
89%
Sélénium Se
88%
Zinc Zn
88%
Arsenic As
84%
Yttrium Y
84%
Manganese Mn
82%
Rubidium Rb
82%
Argent Ag
80%
Strontium Sr
79%
Zirconium Zr
79%
Molybdène Mo
77%
Sodium Na
77%
Rhodium Rh
77%
Niobium Nb
76%
Ruthénium Ru
76%
Cadmium Cd
75%
Indium In
75%
Potassium K
75%
Technétium Tc
75%
Iode I
72%
Palladium Pd
71%
Xénon Xe
70%
Baryum Ba
65%
Césium Cs
64%
Lanthane La
61%
Tellure Te
61%
Cérium Ce
60%
Praséodyme Pr
58%
Néodyme Nd
54%
Europium Eu
50%
Samarium Sm
47%
Gadolinium Gd
46%
Prométhium Pm
46%
Terbium Tb
44%
Dysprosium Dy
43%
Erbium Er
43%
Holmium Ho
42%
Étain Sn
37%
Or Au
33%
Lutécium Lu
33%
Tantale Ta
32%
Ytterbium Yb
32%
Hafnium Hf
31%
Platine Pt
27%
Thulium Tm
27%
Iridium Ir
26%
Osmium Os
26%
Plomb Pb
25%
Rhénium Re
23%
Tungstène W
23%
Polonium Po
22%
Antimoine Sb
21%
Bismuth Bi
20%
Mercure Hg
19%
Astate At
18%
Radium Ra
18%
Thallium Tl
18%
Francium Fr
17%
Uranium U
16%
Actinium Ac
15%
Radon Rn
15%
Thorium Th
14%
Neptunium Np
11%
Américium Am
10%
Plutonium Pu
10%
Protactinium Pa
9%
Californium Cf
8%
Curium Cm
8%
Berkélium Bk
7%
Nobélium No
7%
Einsteinium Es
6%
Fermium Fm
5%
Mendélévium Md
5%
Lawrencium Lr
4%
Bohrium Bh
3%
Dubnium Db
3%
Hassium Hs
3%
Oganesson Og
3%
Rutherfordium Rf
3%
Seaborgium Sg
3%
Copernicium Cn
2%
Darmstadtium Ds
2%
Flérovium Fl
2%
Livermorium Lv
2%
Moscovium Mc
2%
Meitnerium Mt
2%
Nihonium Nh
2%
Roentgenium Rg
2%
Tennesse Ts
2%
Aucun quiz correspondant
Distribution des résultats
% des personnes avec chaque résultat
Percentile par nombre de réponses
Votre historique - résultats
Vous n’avez pas pris ce quiz